| 000 | 00370nam a2200133Ia 4500 | ||
|---|---|---|---|
| 008 | 220217s9999||||xx |||||||||||||| ||und|| | ||
| 020 | _a81-7808-771-5 | ||
| 082 | _a004.67 EVA | ||
| 100 |
_aEvans, Kirk Allen Kamanna, Ashwin. Mueller, Joel _93609 |
||
| 245 | 0 | _aXML and ASP. NET | |
| 260 |
_aPearson education asia _bDelhi _c2002 |
||
| 300 | _b395 | ||
| 650 | _aWWW | ||
| 999 |
_c172271 _d172271 |
||